BSOP header

Proverbs, Ecclesiastes : (Record no. 2531)

MARC details
000 -LEADER
fixed length control field 00718nam a2200205 4500
008 - FIXED-LENGTH DATA ELEMENTS--GENERAL INFORMATION
fixed length control field 010720s1965 us 0 engYA
020 ## - INTERNATIONAL STANDARD BOOK NUMBER
International Standard Book Number 0385021771
090 ## - LOCALLY ASSIGNED LC-TYPE CALL NUMBER (OCLC); LOCAL CALL NUMBER (OCLC)
Classification number (OCLC) (R) ; Classification number, CALL (RLIN) (NR) BS192.2
Local cutter number (OCLC) ; Book number/undivided call number, CALL (RLIN) An2
-- Prov
100 1# - MAIN ENTRY--PERSONAL NAME
Personal name Scott, R. B. Y.
245 10 - TITLE STATEMENT
Title Proverbs, Ecclesiastes :
Remainder of title introduction, translation and notes /
Statement of responsibility, etc by R.B.Y. Scott
260 ## - PUBLICATION, DISTRIBUTION, ETC. (IMPRINT)
Place of publication, distribution, etc New York :
Name of publisher, distributor, etc Doubleday,
Date of publication, distribution, etc c1965.
300 ## - PHYSICAL DESCRIPTION
Extent 257 p.
490 1# - SERIES STATEMENT
Series statement The Anchor Bible;
Volume number/sequential designation 18
504 ## - BIBLIOGRAPHY, ETC. NOTE
Bibliography, etc Biblio. : pp. 29-30.
650 #4 - SUBJECT ADDED ENTRY--TOPICAL TERM
Topical term or geographic name as entry element Bible. O.T. Proverbs
General subdivision Commentaries
651 #4 - SUBJECT ADDED ENTRY--GEOGRAPHIC NAME
Geographic name Bible. O.T. Ecclesiates
General subdivision Commentaries
730 0# - ADDED ENTRY--UNIFORM TITLE
Uniform title Bible. O.T. Proverbs, Ecclesiastes. English. Scott. 1965.
950 0# - LOCAL HOLDINGS (RLIN)
-- 8.00
951 ## - EQUIVALENCE OR CROSS-REFERENCE-GEOGRAPHIC NAME/AREA NAME [OBSOLETE] [CAN/MARC only]
-- 11537
-- BS192.2/An2/Prov
-- 070613110938812
-- 2000-12-21
-- REF
Holdings
Withdrawn status Lost status Damaged status Not for loan Home library Current library Shelving location Date acquired Accession number Shelving control number Total Checkouts Full call number Date last seen Price effective from Koha item type Source of classification or shelving scheme Barcode
        BSOP Library BSOP Library Reference 12/21/2000 11537 127   BS192.2/An2/Prov 02/23/2013 02/23/2013 Books    
        BSOP Library BSOP Library David Weisberg Collection 04/03/2025 49685     REF BS192.2 An2 Prov 04/03/2025 04/03/2025 Books Library of Congress Classification 00059087
BSOP

Biblical Seminary of the Philippines
  All rights Reserved
  © 2024

CONTACT INFORMATION

Biblical Seminary of the Philippines,
  77-B Karuhatan Road, Valenzuela City,
  PHILIPPINES 1441
  Phone: +632 8292-6795 / 8292-6798
  Fax : +632 8292-6675
  Email: library@bsop.edu.ph